Geography Quiz

Random Geography or State Quiz

Does That Flag Contain Red? Quiz Stats

 Plays Quiz not verified by Sporcle

Score 0/50 Timer 03:00
0 Plays Today
Country Y or N % Correct
Canada???
83%
Iceland???
78.7%
Argentina???
76.6%
Slovakia???
74.5%
New Zealand???
74.5%
Samoa???
74.5%
Republic of the Congo???
72.3%
Antigua and Barbuda???
72.3%
Timor-Leste???
72.3%
Laos???
72.3%
Estonia???
72.3%
Albania???
72.3%
Brazil???
70.2%
Macedonia???
70.2%
Ukraine???
70.2%
South Sudan???
68.1%
Pakistan???
68.1%
Israel???
68.1%
Nigeria???
66%
Botswana???
66%
Trinidad and Tobago???
66%
Nauru???
66%
Palau???
66%
Saint Lucia???
63.8%
Barbados???
63.8%
Country Y or N % Correct
India???
63.8%
Myanmar???
63.8%
Montenegro???
63.8%
Cyprus???
63.8%
Lesotho???
61.7%
Uganda???
61.7%
Brunei???
61.7%
Kazakhstan???
61.7%
Kyrgyzstan???
61.7%
Bosnia and Herzegovina???
61.7%
Cabo Verde???
59.6%
San Marino???
59.6%
Djibouti???
57.4%
Niger???
57.4%
Kiribati???
57.4%
Micronesia???
57.4%
Tuvalu???
57.4%
Vanuatu???
57.4%
Dominica???
55.3%
Bhutan???
55.3%
Saint Kitts and Nevis???
51.1%
Marshall Islands???
48.9%
Rwanda???
44.7%
Solomon Islands???
44.7%
Saint Vincent and the Grenadines???
38.3%

You're not logged in!

Compare scores with friends on all Sporcle quizzes.
OR
Log In

Sporcle TV

Today on Sporcle TV


Watch our educational content, quiz creation guides, and fun videos on Sporcle TV.

Show Comments

Extras

Top Quizzes Today


Score Distribution

Your Account Isn't Verified!

In order to create a playlist on Sporcle, you need to verify the email address you used during registration. Go to your Sporcle Settings to finish the process.

Report this User

Report this user for behavior that violates our Community Guidelines.

Details: